<?xml version="1.0" encoding="UTF-8"?>
<record
    xmlns:xsi="http://www.w3.org/2001/XMLSchema-instance"
    xsi:schemaLocation="http://www.loc.gov/MARC21/slim http://www.loc.gov/standards/marcxml/schema/MARC21slim.xsd"
    xmlns="http://www.loc.gov/MARC21/slim">

  <leader>02747cam a22003615a 4500</leader>
  <controlfield tag="001">18497125</controlfield>
  <controlfield tag="005">20160823131746.0</controlfield>
  <controlfield tag="008">150217s2015    enka   frb    001 0 eng d</controlfield>
  <datafield tag="010" ind1=" " ind2=" ">
    <subfield code="a">  2015006389</subfield>
  </datafield>
  <datafield tag="020" ind1=" " ind2=" ">
    <subfield code="a">9781119967668 </subfield>
  </datafield>
  <datafield tag="020" ind1=" " ind2=" ">
    <subfield code="a">111996766X</subfield>
  </datafield>
  <datafield tag="035" ind1=" " ind2=" ">
    <subfield code="a">(DNLM)101651799</subfield>
  </datafield>
  <datafield tag="040" ind1=" " ind2=" ">
    <subfield code="a">DNLM/DLC</subfield>
    <subfield code="b">eng</subfield>
    <subfield code="c">DLC</subfield>
    <subfield code="d">EG-ScBUE </subfield>
  </datafield>
  <datafield tag="082" ind1="0" ind2="4">
    <subfield code="2">22</subfield>
    <subfield code="a">617.52044 </subfield>
    <subfield code="b">PER</subfield>
  </datafield>
  <datafield tag="100" ind1="1" ind2=" ">
    <subfield code="a">Perry, Michael&#x200F; &#x200E;</subfield>
    <subfield code="c">(Surgeon)&#x200F;.</subfield>
    <subfield code="9">40810</subfield>
  </datafield>
  <datafield tag="245" ind1="1" ind2="0">
    <subfield code="a">Fractures of the facial skeleton /</subfield>
    <subfield code="c">Michael Perry, Andrew Brown, Peter Banks.</subfield>
  </datafield>
  <datafield tag="250" ind1=" " ind2=" ">
    <subfield code="a">2nd edition.</subfield>
  </datafield>
  <datafield tag="260" ind1=" " ind2=" ">
    <subfield code="a">West Sussex :</subfield>
    <subfield code="b">Wiley-Blackwell,</subfield>
    <subfield code="c">2015.</subfield>
  </datafield>
  <datafield tag="300" ind1=" " ind2=" ">
    <subfield code="a">ix, 166 p. :</subfield>
    <subfield code="b">col. ill. ;</subfield>
    <subfield code="c">24 cm.</subfield>
  </datafield>
  <datafield tag="500" ind1=" " ind2=" ">
    <subfield code="a">Preceded by: Fractures of the facial skeleton / Peter Banks and Andrew Brown. 2001.</subfield>
  </datafield>
  <datafield tag="500" ind1=" " ind2=" ">
    <subfield code="a">Index : p. 161-166.</subfield>
  </datafield>
  <datafield tag="504" ind1=" " ind2=" ">
    <subfield code="a">Includes bibliographical references.</subfield>
  </datafield>
  <datafield tag="505" ind1="0" ind2=" ">
    <subfield code="a">Facial trauma : incidence, aetiology and principles of treatment -- Emergency management of facial trauma -- Clinical features of facial fractures -- Imaging -- Treatment of dentoalveolar injuries -- Treatment of fractures of the mandible -- Treatment of fractures of the midface and upper face -- Soft tissue injuries and fractures associated with tissue loss -- Post-operative care -- Complications.</subfield>
  </datafield>
  <datafield tag="520" ind1=" " ind2=" ">
    <subfield code="a">Fractures of the Facial Skeleton, Second Edition gives a clear, concise and practical overview of the management of maxillofacial injuries. This new edition has been fully updated to include recent developments and improvements in facial trauma management, with expanded sections on emergency and early treatment, soft tissue injuries and major maxillofacial injuries. Written by an experienced author team, this text will appeal to trainees in all surgical specialities involved in facial trauma. Summary tables and colour illustrations throughout aid understanding, making this both an ideal introduction to the subject and a useful exam revision text. Key features include: -New, updated edition of a well-respected text -Easy-to-read, practical clinical handbook -Covers aetiology and anatomy, emergency management of trauma, imaging, treatment of dentoalveolar, mandible and midfacial injuries, postoperative care, and complications -Suitable for postgraduate students, trainees and practitioners in oral and maxillofacial surgery and practitioners of other medical disciplines involved in facial trauma.</subfield>
  </datafield>
  <datafield tag="650" ind1=" " ind2="7">
    <subfield code="a">Facial Bones </subfield>
    <subfield code="x">injuries.</subfield>
    <subfield code="2">BUEsh</subfield>
    <subfield code="9">40816</subfield>
  </datafield>
  <datafield tag="650" ind1=" " ind2="7">
    <subfield code="a">Skull Fractures.</subfield>
    <subfield code="2">BUEsh</subfield>
    <subfield code="9">40814</subfield>
  </datafield>
  <datafield tag="650" ind1=" " ind2="7">
    <subfield code="a">Facial Injuries</subfield>
    <subfield code="x">therapy.</subfield>
    <subfield code="2">BUEsh</subfield>
    <subfield code="9">40813</subfield>
  </datafield>
  <datafield tag="651" ind1=" " ind2=" ">
    <subfield code="2">BUEsh</subfield>
  </datafield>
  <datafield tag="653" ind1=" " ind2=" ">
    <subfield code="b">DDent</subfield>
    <subfield code="c">August 2016	</subfield>
  </datafield>
  <datafield tag="700" ind1="1" ind2=" ">
    <subfield code="a">Brown, Andrew&#x200F;</subfield>
    <subfield code="q">(Andrew K.)&#x200F; </subfield>
    <subfield code="9">40811</subfield>
  </datafield>
  <datafield tag="700" ind1="1" ind2=" ">
    <subfield code="a">Banks, Peter,&#x200F; &#x200E;</subfield>
    <subfield code="d">1936-&#x200F; </subfield>
    <subfield code="9">40812</subfield>
  </datafield>
  <datafield tag="942" ind1=" " ind2=" ">
    <subfield code="2">ddc</subfield>
    <subfield code="e">22</subfield>
    <subfield code="k">617.52044 PER</subfield>
  </datafield>
  <datafield tag="999" ind1=" " ind2=" ">
    <subfield code="c">22204</subfield>
    <subfield code="d">22176</subfield>
  </datafield>
  <datafield tag="952" ind1=" " ind2=" ">
    <subfield code="0">0</subfield>
    <subfield code="1">0</subfield>
    <subfield code="2">ddc</subfield>
    <subfield code="4">0</subfield>
    <subfield code="7">0</subfield>
    <subfield code="8">Academic</subfield>
    <subfield code="a">MAIN</subfield>
    <subfield code="b">MAIN</subfield>
    <subfield code="c">1ST</subfield>
    <subfield code="d">2016-08-23</subfield>
    <subfield code="e">Purchase</subfield>
    <subfield code="g">588.00</subfield>
    <subfield code="h">9126</subfield>
    <subfield code="l">1</subfield>
    <subfield code="m">2</subfield>
    <subfield code="o">617.52044  PER</subfield>
    <subfield code="p">000033154</subfield>
    <subfield code="r">2025-07-15 00:00:00</subfield>
    <subfield code="s">2025-03-18</subfield>
    <subfield code="v">735.00</subfield>
    <subfield code="y">BB</subfield>
  </datafield>
</record>
